000 00455nam a22001695a 4500
999 _c112332
_d112332
001 17425992
005 20190502101745.0
008 120810s2013 cau 000 0 eng
020 _a9781446254738
040 _cPK-LaUMT
082 _a153
_bSOC-
245 0 0 _aSocial cognition /
_cedited by Susan Fiske
260 _aThousand Oaks, CA :
_bSAGE Publications,
_c2013
300 _a4 vols.
490 0 _aSage Library in social psychology
942 _cBK